| 000 | 00503nam a2200193 a 4500 | ||
|---|---|---|---|
| 005 | 20260322212048.0 | ||
| 008 | data | ||
| 010 | _a41-5618 | ||
| 096 | _aQV 11 Si38m 1941 | ||
| 100 | 1 |
_aSilverman, Milton Morris, _d1910- |
|
| 245 | 1 | 0 |
_aMagic in a bottle _cMilton Morris Silverman |
| 260 |
_aNew York _bThe Macmillan Company _cc1941 |
||
| 300 | _axi, 332 p. | ||
| 500 | _aBibliography: p. 315-323. | ||
| 500 | _aIn library storage. | ||
| 650 | 0 | 2 | _aPharmacists |
| 650 | 0 | 2 |
_aPharmacy _xhistory |
| 001 | data | ||
| 999 |
_c1124 _d1124 |
||